00262pam a2200121 a 4500020000500000041000800005082001700013100001800030245004800048250001000096260002100106300001300127 c aeng a576.163bBAN aBanwants, GJ. aBasic Food Microbiology hTextual Documents a2004. a[s.l]:bCBS Pub  a773 pg .